<?xml version="1.0" encoding="UTF-8"?>
<record
    xmlns:xsi="http://www.w3.org/2001/XMLSchema-instance"
    xsi:schemaLocation="http://www.loc.gov/MARC21/slim http://www.loc.gov/standards/marcxml/schema/MARC21slim.xsd"
    xmlns="http://www.loc.gov/MARC21/slim">

  <leader>03172nam a2200565Ia 4500</leader>
  <controlfield tag="001">5496</controlfield>
  <controlfield tag="008">241029s9999    xx            000 0 und d</controlfield>
  <datafield tag="010" ind1=" " ind2=" ">
    <subfield code="a">5188</subfield>
  </datafield>
  <datafield tag="041" ind1=" " ind2=" ">
    <subfield code="a">Espa&#xF1;ol</subfield>
  </datafield>
  <datafield tag="082" ind1=" " ind2=" ">
    <subfield code="a">NO APLICA</subfield>
  </datafield>
  <datafield tag="245" ind1=" " ind2="0">
    <subfield code="a">Estrategia pedag&#xF3;gica para el aprendizaje de los fundamentos b&#xE1;sicos del Baloncesto en los estudiantes de S&#xE9;ptimo Grado del Nivel Primario en la Escuela Ana Virginia Reynoso del Distrito Educativo 17-04, Sabana Grande de Boy&#xE1;. </subfield>
  </datafield>
  <datafield tag="260" ind1=" " ind2=" ">
    <subfield code="a">Santo Domingo</subfield>
  </datafield>
  <datafield tag="300" ind1=" " ind2=" ">
    <subfield code="a">90</subfield>
  </datafield>
  <datafield tag="520" ind1=" " ind2=" ">
    <subfield code="a">49</subfield>
  </datafield>
  <datafield tag="630" ind1=" " ind2=" ">
    <subfield code="a">Aprendizaje</subfield>
  </datafield>
  <datafield tag="630" ind1=" " ind2=" ">
    <subfield code="a">Educaci&#xF3;n F&#xED;sica</subfield>
  </datafield>
  <datafield tag="630" ind1=" " ind2=" ">
    <subfield code="a">Estrategias Pedag&#xF3;gicas</subfield>
  </datafield>
  <datafield tag="630" ind1=" " ind2=" ">
    <subfield code="a">Estudiantes</subfield>
  </datafield>
  <datafield tag="650" ind1=" " ind2=" ">
    <subfield code="a">Educaci&#xF3;n F&#xED;sica</subfield>
  </datafield>
  <datafield tag="690" ind1=" " ind2=" ">
    <subfield code="a">Elaborado</subfield>
  </datafield>
  <datafield tag="700" ind1=" " ind2=" ">
    <subfield code="e">asesor</subfield>
    <subfield code="a">Bud&#xE9;n , In&#xE9;s </subfield>
  </datafield>
  <datafield tag="700" ind1=" " ind2=" ">
    <subfield code="e">autor</subfield>
    <subfield code="a">Rojas Rosario , Luis </subfield>
  </datafield>
  <datafield tag="700" ind1=" " ind2=" ">
    <subfield code="e">autor</subfield>
    <subfield code="a">De la Cruz Aquino, Alejandro </subfield>
  </datafield>
  <datafield tag="901" ind1=" " ind2=" ">
    <subfield code="a">{"1":"Rojas Rosario ","2":"De la Cruz Aquino"}</subfield>
    <subfield code="b">{"1":"Luis ","2":"Alejandro "}</subfield>
  </datafield>
  <datafield tag="902" ind1=" " ind2=" ">
    <subfield code="a">1</subfield>
  </datafield>
  <datafield tag="903" ind1=" " ind2=" ">
    <subfield code="a">{"1":"Bud&#xE9;n "}</subfield>
    <subfield code="b">{"1":"In&#xE9;s "}</subfield>
  </datafield>
  <datafield tag="904" ind1=" " ind2=" ">
    <subfield code="a">Maestr&#xED;a Profesionalizante en</subfield>
  </datafield>
  <datafield tag="905" ind1=" " ind2=" ">
    <subfield code="a">Pedagog&#xED;a de la Educaci&#xF3;n F&#xED;sica</subfield>
  </datafield>
  <datafield tag="906" ind1=" " ind2=" ">
    <subfield code="a">2</subfield>
  </datafield>
  <datafield tag="907" ind1=" " ind2=" ">
    <subfield code="a">NO APLICA</subfield>
  </datafield>
  <datafield tag="908" ind1=" " ind2=" ">
    <subfield code="a">NO APLICA</subfield>
  </datafield>
  <datafield tag="909" ind1=" " ind2=" ">
    <subfield code="a">Universidad Aut&#xF3;noma de Santo Domingo (UASD)</subfield>
  </datafield>
  <datafield tag="910" ind1=" " ind2=" ">
    <subfield code="a">NULL</subfield>
    <subfield code="b">NULL</subfield>
  </datafield>
  <datafield tag="911" ind1=" " ind2=" ">
    <subfield code="a">["1"]</subfield>
  </datafield>
  <datafield tag="912" ind1=" " ind2=" ">
    <subfield code="a">NO APLICA</subfield>
  </datafield>
  <datafield tag="913" ind1=" " ind2=" ">
    <subfield code="a">NULL</subfield>
  </datafield>
  <datafield tag="914" ind1=" " ind2=" ">
    <subfield code="a">01 de Mayo de 2014</subfield>
  </datafield>
  <datafield tag="915" ind1=" " ind2=" ">
    <subfield code="a">21/12/19 06:12</subfield>
  </datafield>
  <datafield tag="916" ind1=" " ind2=" ">
    <subfield code="a">NULL</subfield>
  </datafield>
  <datafield tag="917" ind1=" " ind2=" ">
    <subfield code="a">NULL</subfield>
  </datafield>
  <datafield tag="918" ind1=" " ind2=" ">
    <subfield code="a">NO APLICA</subfield>
  </datafield>
  <datafield tag="919" ind1=" " ind2=" ">
    <subfield code="a">["18","295","245","96"]</subfield>
  </datafield>
  <datafield tag="520" ind1=" " ind2=" ">
    <subfield code="a">El estudio tuvo como objeto general, dise&#xF1;ar una estrategia pedag&#xF3;gica que contribuya al aprendizaje de los fundamentos b&#xE1;sicos del Baloncesto en los estudiantes de S&#xE9;ptimo Grado del Nivel Primario en la Escuela Ana Virginia Reynoso del Distrito Educativo 17-04, Sabana Grande de Boya. El estudio por su naturaleza se enmarc&#xF3; en el aspecto descriptivo. Se utilizaron los m&#xE9;todos deductivo-inductivo, sistem&#xE1;tico, anal&#xED;tico-sint&#xE9;tico y hist&#xF3;rico-l&#xF3;gico. Las t&#xE9;cnicas utilizadas fueron; la encuesta y la observaci&#xF3;n. La poblaci&#xF3;n objeto de estudio conformada por 160 estudiantes y 2 profesores.El estudio concluy&#xF3; denotando las dificultades existentes en los datos arrojados en este trabajo, lo cual se urge la aplicaci&#xF3;n de una estrategia pedag&#xF3;gica ya mencionada en la elaboraci&#xF3;n de este proyecto. La dimensi&#xF3;n m&#xE1;s afectada fue la dimensi&#xF3;n motriz, seguida de la dimensi&#xF3;n cognitiva, y por &#xFA;ltimo, la dimensi&#xF3;n afectiva motivacional.&#xA0;El estudio recomend&#xF3; contactar especialistas y facilitadores de alto nivel en la materia, para el abordaje y aplicaci&#xF3;n de las nuevas t&#xE9;cnicas actualizadas de la estrategia pedag&#xF3;gica para el aprendizaje de los fundamentos b&#xE1;sicos del baloncesto en los estudiantes. Tambi&#xE9;n, dotar a los centros educativos de los equipos y materiales necesarios para el trabajo durante la clase. Adem&#xE1;s, aplicar la estrategia pedag&#xF3;gica en la clase de educaci&#xF3;n f&#xED;sica a trav&#xE9;s de un modelo personalizado y sistem&#xE1;tico de las acciones realizadas en la investigaci&#xF3;n.&#xA0;</subfield>
  </datafield>
  <datafield tag="921" ind1=" " ind2=" ">
    <subfield code="a">50</subfield>
  </datafield>
  <datafield tag="922" ind1=" " ind2=" ">
    <subfield code="a">50</subfield>
  </datafield>
  <datafield tag="923" ind1=" " ind2=" ">
    <subfield code="a">0</subfield>
  </datafield>
  <datafield tag="924" ind1=" " ind2=" ">
    <subfield code="a">20190910134735</subfield>
  </datafield>
  <datafield tag="942" ind1=" " ind2=" ">
    <subfield code="c">Tesis</subfield>
  </datafield>
  <datafield tag="999" ind1=" " ind2=" ">
    <subfield code="c">5188</subfield>
    <subfield code="d">5188</subfield>
  </datafield>
</record>
